000 00989nam a2200277 a 4500
003 DO-SdBNP
005 20220201141534.0
007 ta
008 220201e2019 dr ||||fr|||| 001 0 spa d
020 _a9789945501490
040 _aDO-SdBNP
_bspa
_cBNPHU
082 4 _222
_bG216r
100 1 _9530
_aGarcía Fermín, Franklin,
_d1957-
245 1 0 _aReflexiones constitucionales /
_bFranklin García Fermín; Prólogo, Jesús Guzmán Bodden
260 _aSanto Domingo :
_bUniversitaria,
_c2019
300 _a146 p. ;
_c22 cm.
500 _aIncluye índice onomástico.
590 _aInventariado 2022 / MF
650 4 _956229
_aDerecho Constitucional
_zRepública Dominicana
650 4 _98313
_aReformas Constitucionales
_zRepública Dominicana
650 4 _980699
_aControl de constitucionalidad
_zRepública Dominicana
650 _980203
_aRepública Dominicana
_vAdministración pública
700 1 _aGuzmán Bodden, Jesús
_epról.
_981081
910 _aMFeliz
942 _2ddc
_cLBS1
999 _c51290
_d51290